000 00768nam0a22002531 4500
001 RU\INFOCOMM_322\NLR\5000208315
005 20250614080118.0
035 _a(NLR Aleph) 010593764
090 _a10512150
_c10512150
100 _a20130301d1975 |||y0rusy50 ca
101 1 _aeng
102 _aRU
_aGB
105 _ay z||||
200 1 _aMousie goes for water
_e[Lithuanian rhymes]
_fIll. by T. Balciunene
_gTransl. by Fainna Solasko
210 _aLondon
_aM.
_cWatson
_c"Progress"
_dˆCop.‰1975
215 _a[8] с.
_cцв. ил.
_d28 см
620 _aМосква
686 _aДл215
_2rubbk
702 1 _aSolasko
_bF.
_gFainna
_4730
801 1 _aRU
_bInfocomm
_c20130301
801 0 _aRU
_bINFOCOMM
_gPSBO
852 _aNLR
_jДл01 Д-8/357
942 _cBOOK
980 _aNB